01310nam a2200337Ia 4500001001200000003000800012006001900020007001500039008004100054020001800095020001800113020001500131040002100146035002100167050002600188082001800214100002900232245011600261260003000377300002300407504005100430533015200481650005900633650004700692655002900739700001900768700002500787710001700812856012600829999001700955ebr10224699CaPaEBRm u cr cn|||||||||991011s2000 enka sb 001 0 eng d z9780304706419 z9781847142771 z0304706418 aCaPaEBRcCaPaEBR a(OCoLC)29057385314aPN1009.A1bH64 2000eb04a820.992822211 aHodges, Gabrielle Cliff.10aTales, tellers and textsh[electronic resource] /cGabrielle Cliff Hodges, Mary Jane Drummond and Morag Styles. aLondon :bCassell,c2000. aix, 162 p. :bill. aIncludes bibliographical references and index. aElectronic reproduction.bPalo Alto, Calif. :cebrary,d2009.nAvailable via World Wide Web.nAccess may be limited to ebrary affiliated libraries. 0aChildren's literature, EnglishxHistory and criticism. 0aEnglish literaturexHistory and criticism. 7aElectronic books.2local1 aStyles, Morag.1 aDrummond, Mary Jane.2 aebrary, Inc.40uhttp://site.ebrary.com/lib/rucke/Doc?id=10224699zAn electronic book accessible through the World Wide Web; click to view c26362d26362